<?xml version="1.0" encoding="UTF-8"?>
<record
    xmlns:xsi="http://www.w3.org/2001/XMLSchema-instance"
    xsi:schemaLocation="http://www.loc.gov/MARC21/slim http://www.loc.gov/standards/marcxml/schema/MARC21slim.xsd"
    xmlns="http://www.loc.gov/MARC21/slim">

  <leader>01544nam2a22002891  4500</leader>
  <controlfield tag="001">rc\3327913</controlfield>
  <controlfield tag="005">20260405193403.0</controlfield>
  <datafield tag="021" ind1=" " ind2=" ">
    <subfield code="a">RU</subfield>
    <subfield code="b">[72-74008]</subfield>
  </datafield>
  <datafield tag="035" ind1=" " ind2=" ">
    <subfield code="a">(NLR Aleph) 007511819</subfield>
  </datafield>
  <datafield tag="090" ind1=" " ind2=" ">
    <subfield code="a">7698071</subfield>
    <subfield code="c">7698071</subfield>
  </datafield>
  <datafield tag="100" ind1=" " ind2=" ">
    <subfield code="a">20130115d1972    |||y0rusy50      ca</subfield>
  </datafield>
  <datafield tag="101" ind1="0" ind2=" ">
    <subfield code="a">rus</subfield>
  </datafield>
  <datafield tag="102" ind1=" " ind2=" ">
    <subfield code="a">RU</subfield>
  </datafield>
  <datafield tag="105" ind1=" " ind2=" ">
    <subfield code="a">ab  z   |||||</subfield>
  </datafield>
  <datafield tag="200" ind1="0" ind2=" ">
    <subfield code="a">&#x422;. 2</subfield>
    <subfield code="f">[&#x410;&#x432;&#x442;. &#x430;&#x43A;&#x430;&#x434;. &#x410;.&#x41F;. &#x412;&#x438;&#x43D;&#x43E;&#x433;&#x440;&#x430;&#x434;&#x43E;&#x432;, &#x423;&#x434;&#x438;&#x43D;&#x446;&#x435;&#x432; &#x413;.&#x411;., &#x41A;&#x430;&#x43D;&#x430;&#x435;&#x432; &#x412;.&#x424;. &#x438; &#x434;&#x440;.]</subfield>
  </datafield>
  <datafield tag="210" ind1=" " ind2=" ">
    <subfield code="d">1972</subfield>
  </datafield>
  <datafield tag="215" ind1=" " ind2=" ">
    <subfield code="a">251 &#x441;., 1 &#x43B;. &#x433;&#x440;&#x430;&#x444;.</subfield>
    <subfield code="c">&#x438;&#x43B;., &#x43A;&#x430;&#x440;&#x442;.</subfield>
  </datafield>
  <datafield tag="320" ind1=" " ind2=" ">
    <subfield code="a">&#x421;&#x43F;&#x438;&#x441;&#x43E;&#x43A; &#x43B;&#x438;&#x442;.: &#x441;. 239-249</subfield>
  </datafield>
  <datafield tag="461" ind1=" " ind2="0">
    <subfield code="1">001rc\3327911</subfield>
    <subfield code="1">2001#$a&#x418;&#x441;&#x441;&#x43B;&#x435;&#x434;&#x43E;&#x432;&#x430;&#x43D;&#x438;&#x44F; &#x43F;&#x43E; &#x43F;&#x440;&#x43E;&#x431;&#x43B;&#x435;&#x43C;&#x435; &#x440;&#x438;&#x444;&#x442;&#x43E;&#x432;&#x44B;&#x445; &#x437;&#x43E;&#x43D; &#x41C;&#x438;&#x440;&#x43E;&#x432;&#x43E;&#x433;&#x43E; &#x43E;&#x43A;&#x435;&#x430;&#x43D;&#x430;$f[&#x41E;&#x442;&#x432;. &#x440;&#x435;&#x434;. &#x430;&#x43A;&#x430;&#x434;. &#x410;.&#x41F;. &#x412;&#x438;&#x43D;&#x43E;&#x433;&#x440;&#x430;&#x434;&#x43E;&#x432; &#x438; &#x413;.&#x411;. &#x423;&#x434;&#x438;&#x43D;&#x446;&#x435;&#x432;$g&#x412;&#x441;&#x442;&#x443;&#x43F;. &#x441;&#x442;&#x430;&#x442;&#x44C;&#x44F; &#x430;&#x43A;&#x430;&#x434;. &#x410;.&#x41F;. &#x412;&#x438;&#x43D;&#x43E;&#x433;&#x440;&#x430;&#x434;&#x43E;&#x432;&#x430;]$g&#x410;&#x41D; &#x421;&#x421;&#x421;&#x420;. &#x418;&#x43D;-&#x442; &#x43E;&#x43A;&#x435;&#x430;&#x43D;&#x43E;&#x43B;&#x43E;&#x433;&#x438;&#x438; &#x438;&#x43C;. &#x41F;.&#x41F;. &#x428;&#x438;&#x440;&#x448;&#x43E;&#x432;&#x430;. &#x422;. 1-$v&#x422;. 2</subfield>
    <subfield code="9">7698066</subfield>
    <subfield code="c">&#x41C;&#x43E;&#x441;&#x43A;&#x432;&#x430;</subfield>
    <subfield code="d">1972-</subfield>
    <subfield code="f">[&#x41E;&#x442;&#x432;. &#x440;&#x435;&#x434;. &#x430;&#x43A;&#x430;&#x434;. &#x410;.&#x41F;. &#x412;&#x438;&#x43D;&#x43E;&#x433;&#x440;&#x430;&#x434;&#x43E;&#x432; &#x438; &#x413;.&#x411;. &#x423;&#x434;&#x438;&#x43D;&#x446;&#x435;&#x432;</subfield>
    <subfield code="n">&#x41D;&#x430;&#x443;&#x43A;&#x430;</subfield>
    <subfield code="t">&#x418;&#x441;&#x441;&#x43B;&#x435;&#x434;&#x43E;&#x432;&#x430;&#x43D;&#x438;&#x44F; &#x43F;&#x43E; &#x43F;&#x440;&#x43E;&#x431;&#x43B;&#x435;&#x43C;&#x435; &#x440;&#x438;&#x444;&#x442;&#x43E;&#x432;&#x44B;&#x445; &#x437;&#x43E;&#x43D; &#x41C;&#x438;&#x440;&#x43E;&#x432;&#x43E;&#x433;&#x43E; &#x43E;&#x43A;&#x435;&#x430;&#x43D;&#x430;</subfield>
    <subfield code="v">&#x422;. 2</subfield>
  </datafield>
  <datafield tag="701" ind1=" " ind2="1">
    <subfield code="4">070</subfield>
    <subfield code="8">rus</subfield>
    <subfield code="7">ca</subfield>
    <subfield code="a">&#x423;&#x434;&#x438;&#x43D;&#x446;&#x435;&#x432;</subfield>
    <subfield code="b">&#x413;. &#x412;.</subfield>
    <subfield code="f">1923-2017</subfield>
    <subfield code="g">&#x413;&#x43B;&#x435;&#x431; &#x411;&#x43E;&#x440;&#x438;&#x441;&#x43E;&#x432;&#x438;&#x447;</subfield>
    <subfield code="3">RU\NLR\AUTH\7785191</subfield>
    <subfield code="9">68119</subfield>
  </datafield>
  <datafield tag="701" ind1=" " ind2="1">
    <subfield code="a">&#x41A;&#x430;&#x43D;&#x430;&#x435;&#x432;</subfield>
    <subfield code="b">&#x412;.&#x424;.</subfield>
  </datafield>
  <datafield tag="701" ind1=" " ind2="1">
    <subfield code="a">&#x412;&#x438;&#x43D;&#x43E;&#x433;&#x440;&#x430;&#x434;&#x43E;&#x432;</subfield>
    <subfield code="b">&#x410;.&#x41F;.</subfield>
    <subfield code="g">&#x410;&#x43B;&#x435;&#x43A;&#x441;&#x430;&#x43D;&#x434;&#x440; &#x41F;&#x430;&#x432;&#x43B;&#x43E;&#x432;&#x438;&#x447;</subfield>
  </datafield>
  <datafield tag="801" ind1=" " ind2="0">
    <subfield code="a">RU</subfield>
    <subfield code="b">NLR</subfield>
    <subfield code="g">psbo</subfield>
  </datafield>
  <datafield tag="801" ind1=" " ind2="1">
    <subfield code="a">RU</subfield>
    <subfield code="b">ELAR</subfield>
    <subfield code="2">rusmarc</subfield>
  </datafield>
  <datafield tag="852" ind1=" " ind2=" ">
    <subfield code="a">NLR</subfield>
    <subfield code="j">72-7/1302</subfield>
  </datafield>
  <datafield tag="942" ind1=" " ind2=" ">
    <subfield code="c">BOOK</subfield>
  </datafield>
  <datafield tag="980" ind1=" " ind2=" ">
    <subfield code="a">NB</subfield>
  </datafield>
  <datafield tag="995" ind1=" " ind2=" ">
    <subfield code="5">2013-10-26</subfield>
    <subfield code="b">NLR01</subfield>
    <subfield code="c">NLR01</subfield>
    <subfield code="e">RF91</subfield>
    <subfield code="f">7511819-10</subfield>
    <subfield code="k">72-7/1302</subfield>
    <subfield code="o">0</subfield>
    <subfield code="r">BOOK</subfield>
    <subfield code="s">7271302_</subfield>
  </datafield>
</record>
